000 00516nam a2200193 a 4500
001 000023143
005 20200930022021.0
008 101129s1995 sp r 000 | spa d
020 _a8449501407
040 _aDO-SdBNP
_bspa
_cBNPHU
082 _axxx
_bL792l
100 1 _aLlorens Camp, María José
_947656
245 1 0 _aLeyendas españolas /
_cMaría José Llorens Camp.
260 _aMadrid :
_bM.E.,
_c1995.
300 _a126 p. ;
_c19 cm.
490 _aLeyendas
830 0 _aLeyendas
_947657
049 _aBNGR
999 _c22640
_d22640